Guide to community development (Record no. 1448369)

MARC details
000 -LEADER
fixed length control field 00493nam a2200169Ia 4500
005 - DATE AND TIME OF LATEST TRANSACTION
control field 20250923145210.0
008 - FIXED-LENGTH DATA ELEMENTS--GENERAL INFORMATION
fixed length control field 008 250917s9999 xx 000 0 eng d
037 ## - SOURCE OF ACQUISITION
Stock number Textual
040 ## - CATALOGING SOURCE
Original cataloging agency DSWL
Language of cataloging eng
Transcribing agency DSWL
041 ## - LANGUAGE CODE
Language code of text/sound track or separate title eng
Source of code eng
084 ## - COLON CLASSIFICATION NUMBER
Assigning agency DSWL
245 #0 - TITLE STATEMENT
Title Guide to community development
Statement of responsibility, etc. by Ministry of Community Development
260 ## - PUBLICATION, DISTRIBUTION, ETC.
Name of publisher, distributor, etc. Govt. Of India, Ministry of Community Development
Date of publication, distribution, etc. 1957
300 ## - PHYSICAL DESCRIPTION
Extent iii,246p.
942 ## - ADDED ENTRY ELEMENTS (KOHA)
Koha item type Textual
Holdings
Withdrawn status Lost status Damaged status Not for loan Home library Current library Date acquired Inventory number Total Checkouts Barcode Date last seen Price effective from Koha item type
        Department of Social Work Library Department of Social Work Library 2025-09-23 Gift .   SW0014199 2025-09-23 2025-09-23 Textual
Copyright @ Delhi University Library System